<?xml version="1.0" encoding="UTF-8"?>
<record
    xmlns:xsi="http://www.w3.org/2001/XMLSchema-instance"
    xsi:schemaLocation="http://www.loc.gov/MARC21/slim http://www.loc.gov/standards/marcxml/schema/MARC21slim.xsd"
    xmlns="http://www.loc.gov/MARC21/slim">

  <leader>00782nam a22001937a 4500</leader>
  <controlfield tag="005">20180420152934.0</controlfield>
  <datafield tag="010" ind1=" " ind2=" ">
    <subfield code="a">B-691493-494</subfield>
  </datafield>
  <datafield tag="020" ind1=" " ind2=" ">
    <subfield code="c">1100.00</subfield>
    <subfield code="a">9788184577129</subfield>
  </datafield>
  <datafield tag="035" ind1=" " ind2=" ">
    <subfield code="a">B-691493-494</subfield>
  </datafield>
  <datafield tag="037" ind1=" " ind2=" ">
    <subfield code="b">R.K.Books </subfield>
  </datafield>
  <datafield tag="082" ind1=" " ind2=" ">
    <subfield code="a">371.9</subfield>
  </datafield>
  <datafield tag="100" ind1=" " ind2=" ">
    <subfield code="a">Balsara, Maitreya</subfield>
  </datafield>
  <datafield tag="245" ind1=" " ind2=" ">
    <subfield code="a">Education of exceptional and handicapped children /</subfield>
    <subfield code="c">by Maitreya Balsara</subfield>
  </datafield>
  <datafield tag="260" ind1=" " ind2=" ">
    <subfield code="a">Delhi</subfield>
    <subfield code="b">Kanishka Publishers</subfield>
    <subfield code="c">2016</subfield>
  </datafield>
  <datafield tag="270" ind1=" " ind2=" ">
    <subfield code="a">4697/5-21 A, Ansari Road,Daryaganj</subfield>
    <subfield code="b">New Delhi </subfield>
    <subfield code="e">110002</subfield>
  </datafield>
  <datafield tag="300" ind1=" " ind2=" ">
    <subfield code="a">xiv, 342 pages : illustrations (black and white) ;</subfield>
    <subfield code="c"> 23 cm(Hb)</subfield>
  </datafield>
  <datafield tag="942" ind1=" " ind2=" ">
    <subfield code="2">ddc</subfield>
    <subfield code="c">EN</subfield>
    <subfield code="m">BAL</subfield>
    <subfield code="h">371.9</subfield>
  </datafield>
  <datafield tag="999" ind1=" " ind2=" ">
    <subfield code="c">151633</subfield>
    <subfield code="d">151633</subfield>
  </datafield>
  <datafield tag="952" ind1=" " ind2=" ">
    <subfield code="0">0</subfield>
    <subfield code="1">0</subfield>
    <subfield code="4">0</subfield>
    <subfield code="7">0</subfield>
    <subfield code="8">NFIC</subfield>
    <subfield code="a">NR</subfield>
    <subfield code="b">NR</subfield>
    <subfield code="d">2018-04-20</subfield>
    <subfield code="e">R.K.Books IN4122/17-18/26.03.2018/897/23.03.2018/27.03.2018</subfield>
    <subfield code="g">1100.00</subfield>
    <subfield code="l">0</subfield>
    <subfield code="o">371.9 BAL</subfield>
    <subfield code="p">B-691494</subfield>
    <subfield code="r">2018-04-20 00:00:00</subfield>
    <subfield code="t">1</subfield>
    <subfield code="v">1100.00</subfield>
    <subfield code="y">EN</subfield>
  </datafield>
  <datafield tag="952" ind1=" " ind2=" ">
    <subfield code="0">0</subfield>
    <subfield code="1">0</subfield>
    <subfield code="4">0</subfield>
    <subfield code="7">0</subfield>
    <subfield code="8">NFIC</subfield>
    <subfield code="a">BN</subfield>
    <subfield code="b">BN</subfield>
    <subfield code="d">2018-04-20</subfield>
    <subfield code="e">R.K.Books IN4122/17-18/26.03.2018/897/23.03.2018/27.03.2018</subfield>
    <subfield code="g">1100.00</subfield>
    <subfield code="l">0</subfield>
    <subfield code="o">371.9 BAL</subfield>
    <subfield code="p">B-691493</subfield>
    <subfield code="r">2018-04-20 00:00:00</subfield>
    <subfield code="t">1</subfield>
    <subfield code="v">1100.00</subfield>
    <subfield code="y">EN</subfield>
  </datafield>
</record>
